[Event "1FoglarVeterans_GM"]
[Site "?"]
[Date "2005.??.??"]
[Round "?"]
[White "Kostal, Jindrich (CZE)"]
[Black "Horvath, Alexander (SVK)"]
[Result "1/2-1/2"]
[WhiteElo "2450"]
[BlackElo "2416"]
[PlyCount "81"]
[EventDate "2005.??.??"]
[EventType "corr"]
[SourceDate "2006.03.25"]

1. e4 c5 2. Nf3 d6 3. d4 cxd4 4. Nxd4 Nf6 5. Nc3 a6 6. Be2 e5 7. Nb3 Be7 8. O-O
O-O 9. Qd3 Nbd7 10. a4 b6 11. Qg3 Kh8 12. Rd1 Bb7 13. f3 Qc7 14. Be3 Nh5 15.
Qe1 f5 16. exf5 Nhf6 17. f4 Ne4 18. fxe5 dxe5 19. a5 b5 20. Bf3 Nd6 21. Bxb7
Qxb7 22. Nd5 Nxf5 23. Nxe7 Nxe7 24. Nc5 Nxc5 25. Bxc5 Rf5 26. Rd6 Ng6 27. Qd2
Rg8 28. Rf1 Nf4 29. Be3 Rgf8 30. Rf2 Qc8 31. c3 h6 32. Bxf4 exf4 33. Qd4 Kh7
34. Rf3 Qa8 35. h3 Qc8 36. Kh1 Qa8 37. Kg1 Qc8 38. Rf2 Qa8 39. Rd7 Rg5 40. Rd6
Rgf5 41. Rf3 1/2-1/2

[Event "1FoglarVeterans_GM"]
[Site "?"]
[Date "2005.??.??"]
[Round "?"]
[White "Canibal, Jaromir (CZE)"]
[Black "Vozda, Jindrich (CZE)"]
[Result "0-1"]
[WhiteElo "2386"]
[BlackElo "2428"]
[PlyCount "80"]
[EventDate "2005.??.??"]
[EventType "corr"]
[SourceDate "2006.03.25"]

1. e4 e5 2. Nf3 Nc6 3. Bb5 a6 4. Ba4 Nf6 5. O-O Be7 6. Re1 b5 7. Bb3 O-O 8. c3
d6 9. h3 Nb8 10. d4 Nbd7 11. Nbd2 Bb7 12. Bc2 c5 13. d5 Nb6 14. Nf1 Bc8 15. Ng3
Bd7 16. Nxe5 dxe5 17. d6 Re8 18. dxe7 Qxe7 19. Qf3 h6 20. b3 a5 21. Nf5 Bxf5
22. exf5 a4 23. bxa4 Nxa4 24. Qg3 Kh7 25. c4 bxc4 26. Qh4 e4 27. Bg5 Nc3 28.
Re3 Qe5 29. Bxf6 gxf6 30. Rae1 Qd4 31. a4 Ra7 32. Kh2 Rg8 33. Bxe4 Re7 34. a5
Rge8 35. f3 Rg8 36. Kh1 Qd2 37. g4 Rb8 38. Qg3 Nxe4 39. fxe4 Rb3 40. Kg1 Qxa5
0-1

[Event "1FoglarVeterans_GM"]
[Site "?"]
[Date "2005.??.??"]
[Round "?"]
[White "Horvath, Alexander (SVK)"]
[Black "Nowak, Ireneusz (POL)"]
[Result "0-1"]
[WhiteElo "2416"]
[BlackElo "2398"]
[PlyCount "72"]
[EventDate "2005.??.??"]
[EventType "corr"]
[SourceDate "2006.03.25"]

1. e4 c5 2. c3 Nf6 3. e5 Nd5 4. Nf3 Nc6 5. Bc4 Nb6 6. Bb3 c4 7. Bc2 Qc7 8. Qe2
g5 9. h3 Bg7 10. O-O Nxe5 11. Nxg5 d5 12. Re1 h6 13. Nf3 Nxf3+ 14. Qxf3 e5 15.
d3 cxd3 16. Qg3 Bf6 17. Bxd3 Be6 18. Qf3 Nd7 19. Bb5 Be7 20. Qh5 O-O-O 21. Nd2
Bd6 22. Nf1 Rdg8 23. Ng3 Nf6 24. Qf3 Nh7 25. Nf5 Bc5 26. Nxh6 Rg6 27. Qh5 Nf6
28. Qxe5 Bd6 29. Qe3 Rhxh6 30. Qxh6 Rxh6 31. Bxh6 Qb6 32. Bd3 Qxb2 33. Be3 Bc7
34. Rac1 Qa3 35. Bd4 Ne4 36. f3 Nd6 0-1

[Event "1FoglarVeterans_GM"]
[Site "?"]
[Date "2005.??.??"]
[Round "?"]
[White "Bures, Jilji (CZE)"]
[Black "Roos, Jacqueline (FRA)"]
[Result "1/2-1/2"]
[WhiteElo "2414"]
[BlackElo "2403"]
[PlyCount "159"]
[EventDate "2005.??.??"]
[EventType "corr"]
[SourceDate "2006.03.25"]

1. e4 e5 2. Nf3 Nc6 3. Bb5 a6 4. Ba4 Nf6 5. O-O Be7 6. Re1 b5 7. Bb3 d6 8. c3
O-O 9. h3 Na5 10. Bc2 c5 11. d4 Qc7 12. Nbd2 cxd4 13. cxd4 Nc6 14. Nb3 a5 15.
Be3 a4 16. Nbd2 Nb4 17. Bb1 Bd7 18. a3 Nc6 19. Bd3 Rfc8 20. Qe2 Qb8 21. Rac1
exd4 22. Nxd4 Qb7 23. Nf5 Bf8 24. Bg5 Bxf5 25. exf5 Nd7 26. f6 g6 27. Nf3 h6
28. Bh4 Nce5 29. Rxc8 Rxc8 30. Nxe5 Nxe5 31. Bxb5 Rc5 32. Ba6 Qb6 33. Bg3 Qc6
34. Bf4 Rc2 35. Qe4 Qxe4 36. Rxe4 Rxb2 37. Rxa4 Nd7 38. Rd4 Nxf6 39. Bxd6 Bxd6
40. Rxd6 Ne4 41. Rd4 Rb1+ 42. Kh2 Nxf2 43. Bc4 g5 44. Rd8+ Kg7 45. Rd7 Rh1+ 46.
Kg3 Ne4+ 47. Kf3 Rc1 48. Bxf7 Nc5 49. Rc7 Rf1+ 50. Ke3 Rxf7 51. Rxc5 Ra7 52.
Rc3 h5 53. g3 Kf6 54. Kd4 g4 55. h4 Ke6 56. Kc4 Rc7+ 57. Kb4 Rb7+ 58. Kc4 Rc7+
59. Kb3 Rb7+ 60. Ka2 Kd5 61. a4 Kd4 62. Rc6 Ra7 63. Ka3 Ke4 64. Rf6 Rd7 65. Rb6
Ra7 66. Rb3 Ra8 67. Kb4 Rb8+ 68. Kc3 Rxb3+ 69. Kxb3 Kf3 70. a5 Kxg3 71. a6 Kh2
72. a7 g3 73. a8=Q g2 74. Qb8+ Kh1 75. Qb7 Kh2 76. Qc7+ Kh1 77. Qc6 Kh2 78.
Qd6+ Kh1 79. Qd5 Kh2 80. Qxh5 1/2-1/2

[Event "1FoglarVeterans_GM"]
[Site "?"]
[Date "2005.??.??"]
[Round "?"]
[White "Nowak, Ireneusz (POL)"]
[Black "Kostal, Jindrich (CZE)"]
[Result "1/2-1/2"]
[WhiteElo "2398"]
[BlackElo "2450"]
[PlyCount "86"]
[EventDate "2005.??.??"]
[EventType "corr"]
[SourceDate "2006.03.25"]

1. e4 e5 2. Nf3 Nc6 3. Bb5 a6 4. Ba4 Nf6 5. O-O Be7 6. Re1 b5 7. Bb3 O-O 8. c3
d6 9. h3 Nb8 10. d4 Nbd7 11. Nbd2 Bb7 12. Bc2 Re8 13. Nf1 Bf8 14. Ng3 g6 15. a4
c5 16. d5 c4 17. Bg5 h6 18. Be3 Nc5 19. Qd2 Kh7 20. Ra2 Qc7 21. Qe2 Bg7 22.
Rea1 Reb8 23. Nd2 Kg8 24. Ra3 Nfd7 25. Nf3 Nb6 26. axb5 axb5 27. Nh2 Bc8 28.
Qd2 Rxa3 29. Rxa3 Ra8 30. Rxa8 Nxa8 31. Bxh6 Qd8 32. Nf3 Nb6 33. Bg5 Qf8 34.
Be3 Nba4 35. Qd1 Bh6 36. Bxa4 Nxa4 37. Bxh6 Qxh6 38. Qa1 Kg7 39. Nf1 Qf4 40.
N1d2 Bd7 41. Qa3 Nc5 42. Qa7 g5 43. g3 Qf6 1/2-1/2

[Event "1FoglarVeterans_GM"]
[Site "?"]
[Date "2005.??.??"]
[Round "?"]
[White "Kostal, Jindrich (CZE)"]
[Black "Vozda, Jindrich (CZE)"]
[Result "0-1"]
[WhiteElo "2450"]
[BlackElo "2428"]
[PlyCount "76"]
[EventDate "2005.??.??"]
[EventType "corr"]
[SourceDate "2006.03.25"]

1. e4 c5 2. Nf3 d6 3. d4 cxd4 4. Nxd4 Nf6 5. Nc3 a6 6. Be3 e6 7. Be2 Qc7 8. Qd2
Be7 9. f4 b5 10. a3 Bb7 11. Bf3 Nbd7 12. O-O Nb6 13. Qf2 Nc4 14. Bc1 O-O 15.
Rd1 Rfe8 16. Kh1 Rac8 17. Re1 Qc5 18. Nd1 e5 19. Nf5 exf4 20. Qh4 Nd5 21. Nxe7+
Nxe7 22. Qxf4 d5 23. Ne3 dxe4 24. Bg4 Rcd8 25. Nxc4 Qxc4 26. c3 Nd5 27. Qg3 Qd3
28. Qh4 e3 29. Be2 Qc2 30. Bf3 f5 31. a4 f4 32. axb5 axb5 33. Re2 Qg6 34. Re1
Qb6 35. Be2 Rd6 36. Bf3 Re5 37. b3 Rh6 38. Qg4 Qd8 0-1

[Event "1FoglarVeterans_GM"]
[Site "?"]
[Date "2005.??.??"]
[Round "?"]
[White "Roos, Jacqueline (FRA)"]
[Black "Lounek, Jan (CZE)"]
[Result "1/2-1/2"]
[WhiteElo "2403"]
[BlackElo "2502"]
[PlyCount "157"]
[EventDate "2005.??.??"]
[EventType "corr"]
[SourceDate "2006.03.25"]

1. e4 c5 2. Nf3 d6 3. d4 cxd4 4. Nxd4 Nf6 5. Nc3 a6 6. Be2 e6 7. Be3 Be7 8. O-O
O-O 9. f4 Qc7 10. a4 b6 11. Bf3 Bb7 12. Qe1 Nbd7 13. Bf2 Rfe8 14. Qe3 Bf8 15.
Rad1 Rac8 16. Nb3 Be7 17. Rd2 e5 18. f5 Nc5 19. Nxc5 dxc5 20. Rfd1 Rcd8 21. g4
h6 22. h4 Rd4 23. Qe2 Nd7 24. Qe1 Qb8 25. Bg2 Qd8 26. Ne2 Rxd2 27. Rxd2 c4 28.
Nc3 Bc6 29. Bf1 b5 30. axb5 axb5 31. Nd5 Bxd5 32. Rxd5 Qc7 33. g5 hxg5 34. hxg5
Bxg5 35. Rxb5 Qc6 36. Rb4 Qh6 37. Rxc4 Bf4 38. Bg2 Nf6 39. Qc3 Ng4 40. Rc8 Rxc8
41. Qxc8+ Kh7 42. Qc3 Ne3 43. Bxe3 Bxe3+ 44. Kf1 Qf4+ 45. Ke2 Qf2+ 46. Kd3 Bf4
47. Bh3 Qf3+ 48. Kc4 Qxe4+ 49. Kb3 Kh6 50. Qd3 Qb7+ 51. Ka2 Qa8+ 52. Kb1 Qh1+
53. Ka2 Kg5 54. c4 f6 55. Bf1 e4 56. Qe2 e3 57. Qd3 Qa8+ 58. Kb3 Qc8 59. Kc2
Qxf5 60. Qxf5+ Kxf5 61. Kd3 Kg4 62. Ke2 Be5 63. Kxe3 Bxb2 64. Be2+ Kg5 65. c5
f5 66. c6 Be5 67. Kf3 Kh4 68. Bd3 g6 69. Bc2 Kg5 70. Bd1 Kf6 71. Kg2 g5 72. Kh3
Bc7 73. Be2 Ke5 74. Bd3 g4+ 75. Kg2 Kf4 76. Bc2 Kg5 77. Bd3 f4 78. Be2 Kh4 79.
Bd1 1/2-1/2

[Event "1FoglarVeterans_GM"]
[Site "?"]
[Date "2005.??.??"]
[Round "?"]
[White "Svoboda, Frantisek (CZE)"]
[Black "Kostal, Jindrich (CZE)"]
[Result "1-0"]
[WhiteElo "2459"]
[BlackElo "2450"]
[PlyCount "85"]
[EventDate "2005.??.??"]
[EventType "corr"]
[SourceDate "2006.03.25"]

1. c4 Nf6 2. Nc3 e6 3. e4 d6 4. d4 Be7 5. Nf3 O-O 6. Be2 c5 7. O-O Qb6 8. e5
dxe5 9. dxe5 Nfd7 10. Qc2 Nc6 11. Bf4 Nd4 12. Qd2 Rd8 13. Nxd4 cxd4 14. Ne4 f6
15. exf6 gxf6 16. Bg3 e5 17. Bh4 Nc5 18. Ng3 Qe6 19. Qh6 Qf7 20. b4 Qg6 21.
Qxg6+ hxg6 22. bxc5 g5 23. Bxg5 fxg5 24. Rab1 Bxc5 25. Ne4 Bf8 26. Bd3 g4 27.
f4 exf4 28. Rxf4 b6 29. Nf6+ Kh8 30. Nd5 Bb7 31. Rxg4 Bxd5 32. Rh4+ Kg7 33.
cxd5 Rxd5 34. Be4 Rad8 35. Rg4+ Kh8 36. Bxd5 Rxd5 37. Rd1 Bh6 38. Re4 Kg7 39.
h4 Kf7 40. g4 Bf8 41. Kg2 d3 42. Rf4+ Kg7 43. Rd2 1-0

[Event "1FoglarVeterans_GM"]
[Site "?"]
[Date "2005.??.??"]
[Round "?"]
[White "Svoboda, Frantisek (CZE)"]
[Black "Canibal, Jaromir (CZE)"]
[Result "1/2-1/2"]
[WhiteElo "2459"]
[BlackElo "2386"]
[PlyCount "91"]
[EventDate "2005.??.??"]
[EventType "corr"]
[SourceDate "2006.03.25"]

1. c4 c6 2. d4 d5 3. Nf3 Nf6 4. Nc3 dxc4 5. a4 Bf5 6. e3 e6 7. Bxc4 Bb4 8. O-O
Nbd7 9. Qe2 O-O 10. e4 Bg6 11. Bd3 Bh5 12. e5 Nd5 13. Nxd5 cxd5 14. Qe3 Bg6 15.
Bxg6 hxg6 16. Bd2 Bxd2 17. Qxd2 Qe7 18. Rac1 Rfc8 19. b3 Qd8 20. Ng5 Rxc1 21.
Rxc1 Rc8 22. Rxc8 Qxc8 23. g3 Qc6 24. h4 f6 25. Nf3 Qc7 26. Kg2 Kf7 27. a5 Nf8
28. exf6 gxf6 29. g4 Nd7 30. b4 Qd6 31. g5 f5 32. Qc1 e5 33. Qc8 e4 34. Ne5+
Nxe5 35. dxe5 Qc6 36. Qh8 f4 37. h5 gxh5 38. Qh7+ Ke6 39. b5 Qc3 40. Qg6+ Ke7
41. Qd6+ Ke8 42. Qb8+ Kf7 43. Qxb7+ Kf8 44. Qb8+ Kg7 45. Qxa7+ Kg6 46. Qb6+
1/2-1/2

[Event "1FoglarVeterans_GM"]
[Site "?"]
[Date "2005.??.??"]
[Round "?"]
[White "Kostal, Jindrich (CZE)"]
[Black "Sykora, Josef (CZE)"]
[Result "1-0"]
[WhiteElo "2450"]
[BlackElo "2546"]
[PlyCount "77"]
[EventDate "2005.??.??"]
[EventType "corr"]
[SourceDate "2006.03.25"]

1. e4 c6 2. d4 d5 3. exd5 cxd5 4. c3 Nc6 5. Nf3 Nf6 6. Bf4 a6 7. Bd3 Bg4 8.
Nbd2 e6 9. O-O Be7 10. Qb3 Qc8 11. Ne5 Nxe5 12. Bxe5 Bh5 13. c4 O-O 14. Rac1
Qd7 15. c5 Qc6 16. Rfe1 Nd7 17. Bf4 Bf6 18. Qa3 b6 19. Nb3 bxc5 20. dxc5 e5 21.
Na5 Qc7 22. Bg3 Rfe8 23. b4 Bg5 24. Rc2 f6 25. Nb3 Qc6 26. f4 exf4 27. Rxe8+
Bxe8 28. Nd4 Qc8 29. Bf2 g6 30. c6 Ne5 31. c7 Bd7 32. Be2 Qb7 33. Nf3 Nf7 34.
Nxg5 Nxg5 35. b5 axb5 36. Qe7 Qc8 37. Qxf6 Ne4 38. Qe5 Nxf2 39. Bf3 1-0

[Event "1FoglarVeterans_GM"]
[Site "?"]
[Date "2005.??.??"]
[Round "?"]
[White "Sykora, Josef (CZE)"]
[Black "Canibal, Jaromir (CZE)"]
[Result "1-0"]
[WhiteElo "2546"]
[BlackElo "2386"]
[PlyCount "87"]
[EventDate "2005.??.??"]
[EventType "corr"]
[SourceDate "2006.03.25"]

1. d4 f5 2. g3 Nf6 3. Bg2 g6 4. c4 Bg7 5. Nc3 O-O 6. Nf3 d5 7. cxd5 Nxd5 8. h4
Nf6 9. Qb3+ e6 10. Ng5 Re8 11. Bxb7 Bxb7 12. Qxb7 Nbd7 13. Qc6 Qe7 14. Bf4 Rab8
15. b3 Nh5 16. Bxc7 Rbc8 17. Nb5 Nb8 18. Qd6 a6 19. Qxe7 Rxe7 20. Bxb8 Rxb8 21.
Na3 Bxd4 22. Rd1 e5 23. e3 Bc5 24. Nc4 Nf6 25. Ke2 f4 26. Rhg1 fxe3 27. fxe3 h6
28. Nf3 Rbe8 29. a3 e4 30. Nfd2 Nd5 31. Rc1 Ba7 32. g4 Rc8 33. Rgd1 Rf8 34. Nf1
Nf6 35. Rd6 Kg7 36. h5 g5 37. Nfd2 Nxg4 38. Rg6+ Kh7 39. Rf1 Rxf1 40. Nxf1 a5
41. Nfd2 Ne5 42. Ra6 Ng4 43. Rxa5 Rd7 44. Ne5 1-0

[Event "1FoglarVeterans_GM"]
[Site "?"]
[Date "2005.??.??"]
[Round "?"]
[White "Kolarik, Jiri (CZE)"]
[Black "Kostal, Jindrich (CZE)"]
[Result "1/2-1/2"]
[WhiteElo "2377"]
[BlackElo "2450"]
[PlyCount "71"]
[EventDate "2005.??.??"]
[EventType "corr"]
[SourceDate "2006.03.25"]

1. Nf3 Nf6 2. d4 d5 3. e3 e6 4. Bd3 c6 5. Nbd2 Nbd7 6. O-O c5 7. c4 Be7 8. cxd5
Nxd5 9. Nb3 cxd4 10. Nbxd4 O-O 11. e4 Nb4 12. Bc4 e5 13. Nf5 Nb6 14. Nxe7+ Qxe7
15. Bg5 Qd7 16. Bd2 Qe7 17. Qb3 a5 18. Be2 Be6 19. Qe3 Nd7 20. Rfc1 Rac8 21.
Rxc8 Rxc8 22. Rd1 Nxa2 23. Ng5 Nb4 24. Nxe6 Qxe6 25. Bxb4 axb4 26. Qd2 Rc7 27.
Qxb4 h6 28. b3 Nb8 29. Bc4 Nc6 30. Qc5 Qe7 31. Qxe7 Rxe7 32. Rd5 Kf8 33. f3 Nd4
34. Kf2 g5 35. g3 b5 36. Bxb5 1/2-1/2

[Event "1FoglarVeterans_GM"]
[Site "?"]
[Date "2005.??.??"]
[Round "?"]
[White "Svoboda, Frantisek (CZE)"]
[Black "Vozda, Jindrich (CZE)"]
[Result "1/2-1/2"]
[WhiteElo "2459"]
[BlackElo "2428"]
[PlyCount "108"]
[EventDate "2005.??.??"]
[EventType "corr"]
[SourceDate "2006.03.25"]

1. c4 e5 2. Nc3 d6 3. g3 g6 4. d4 Nd7 5. Nf3 Bg7 6. Bg2 Ngf6 7. O-O O-O 8. e4
exd4 9. Nxd4 Re8 10. h3 a6 11. Re1 Nc5 12. b3 Bd7 13. Bb2 c6 14. b4 Ne6 15. Nf3
Qc7 16. a3 Rad8 17. Rc1 b6 18. Nd5 Nxd5 19. Bxg7 Ne3 20. Rxe3 Kxg7 21. e5 dxe5
22. Nxe5 Bc8 23. Qe1 c5 24. Nd3 Bd7 25. Bd5 Bc8 26. bxc5 bxc5 27. Rc2 Kg8 28.
Re5 Bb7 29. Nf4 Ng7 30. Rce2 Rxe5 31. Rxe5 Bxd5 32. Nxd5 Qd6 33. Re7 Nf5 34.
Rb7 Kf8 35. Rb6 Re8 36. Qc3 Qe5 37. Qxe5 Rxe5 38. Rxa6 Re1+ 39. Kg2 Rc1 40. Ra5
Rxc4 41. Nb6 Rc3 42. Nd7+ Kg7 43. Nxc5 Rc2 44. Ne4 Ne3+ 45. Kf3 Nc4 46. Ra7
Nd2+ 47. Nxd2 Rxd2 48. a4 Ra2 49. a5 h5 50. h4 Kf6 51. a6 Ra4 52. Ra8 Kf5 53.
Kg2 Ra2 54. a7 Kf6 1/2-1/2

[Event "1FoglarVeterans_GM"]
[Site "?"]
[Date "2005.??.??"]
[Round "?"]
[White "Svoboda, Frantisek (CZE)"]
[Black "Roos, Jacqueline (FRA)"]
[Result "1-0"]
[WhiteElo "2459"]
[BlackElo "2403"]
[PlyCount "103"]
[EventDate "2005.??.??"]
[EventType "corr"]
[SourceDate "2006.03.25"]

1. c4 e6 2. Nc3 d5 3. d4 c6 4. Nf3 Nf6 5. e3 Nbd7 6. Qc2 Bd6 7. Be2 O-O 8. O-O
dxc4 9. Bxc4 a6 10. Rd1 b5 11. Be2 Qc7 12. Ne4 Nxe4 13. Qxe4 e5 14. Qh4 Re8 15.
a4 e4 16. Nd2 Re6 17. Nxe4 Rh6 18. Bh5 Bxh2+ 19. Qxh2 Qxh2+ 20. Kxh2 Rxh5+ 21.
Kg1 bxa4 22. Rxa4 Rh6 23. f3 Re6 24. Ra5 Rb8 25. Kf2 Rb5 26. Rxb5 axb5 27. d5
cxd5 28. Rxd5 Re5 29. Rd4 Nf8 30. Bd2 Bd7 31. Bb4 Bc6 32. Nd6 Ne6 33. Rd3 h6
34. Rc3 Nd8 35. e4 Re6 36. Nf5 Kh7 37. Bf8 g5 38. Be7 Nb7 39. b4 g4 40. Rc1 h5
41. e5 Bxf3 42. gxf3 Rxe5 43. fxg4 hxg4 44. Rh1+ Kg6 45. Nh4+ Kg7 46. Rc1 Rd5
47. Kg3 Nd8 48. Bxd8 Rxd8 49. Nf5+ Kf6 50. Rc5 Kg5 51. Ne3+ Kg6 52. Nxg4 1-0

[Event "1FoglarVeterans_GM"]
[Site "?"]
[Date "2005.??.??"]
[Round "?"]
[White "Lounek, Jan (CZE)"]
[Black "Canibal, Jaromir (CZE)"]
[Result "1-0"]
[WhiteElo "2502"]
[BlackElo "2386"]
[PlyCount "119"]
[EventDate "2005.??.??"]
[EventType "corr"]
[SourceDate "2006.03.25"]

1. e4 e5 2. Nf3 Nc6 3. Bb5 a6 4. Ba4 Nf6 5. O-O Be7 6. Re1 b5 7. Bb3 d6 8. c3
O-O 9. h3 Nb8 10. d4 Nbd7 11. Nbd2 Bb7 12. Bc2 Re8 13. Nf1 Bf8 14. Ng3 g6 15.
a4 c5 16. d5 c4 17. Bg5 h6 18. Be3 Kh7 19. Qd2 Qc7 20. Nh2 Bg7 21. Rf1 Ng8 22.
f4 exf4 23. Rxf4 Ne5 24. Nf3 Re7 25. Qf2 Rf8 26. Nxe5 Bxe5 27. Rf3 Kg7 28. Ne2
Bc8 29. axb5 axb5 30. Nd4 Bd7 31. Bf4 f6 32. Ra6 Rb8 33. Kh2 Rb7 34. Bxe5 fxe5
35. Nc6 Bxc6 36. dxc6 Ra7 37. Rb6 Qc8 38. b3 Rf7 39. Rxb5 Qxc6 40. Rb4 Rad7 41.
Rxc4 Rxf3 42. Qxf3 Qb6 43. Rb4 Qc5 44. Rb8 Nf6 45. b4 Qc7 46. Ra8 Qc4 47. Ra3
d5 48. Bd3 Qc7 49. b5 Rf7 50. Qe3 h5 51. b6 Qc6 52. Rb3 Qd6 53. b7 Qb8 54. Qb6
Nxe4 55. Bxe4 dxe4 56. Qa6 e3 57. Qa8 Rf8 58. Qxb8 Rxb8 59. Kg1 Kf6 60. Kf1 1-0

[Event "1FoglarVeterans_GM"]
[Site "?"]
[Date "2005.??.??"]
[Round "?"]
[White "Kolarik, Jiri (CZE)"]
[Black "Canibal, Jaromir (CZE)"]
[Result "1-0"]
[WhiteElo "2377"]
[BlackElo "2386"]
[PlyCount "86"]
[EventDate "2005.??.??"]
[EventType "corr"]
[SourceDate "2006.03.25"]

1. Nf3 Nf6 2. d4 g6 3. Nc3 d5 4. Bf4 Bg7 5. e3 O-O 6. Be2 Bg4 7. h3 Bxf3 8.
Bxf3 c6 9. h4 Nfd7 10. Qd2 e5 11. Bg3 Re8 12. O-O-O h5 13. Kb1 a5 14. Bh2 a4
15. g4 hxg4 16. Bxg4 a3 17. b3 Nf6 18. Be2 exd4 19. exd4 Qa5 20. Qd3 Qa6 21.
Qf3 b5 22. h5 Nxh5 23. Qh3 Nf6 24. Bd6 Nbd7 25. Qh2 Nf8 26. Rd3 N6d7 27. Bg4
Qa7 28. Bf5 Rad8 29. Bc7 b4 30. Na4 Nf6 31. Rh3 Nh5 32. Rh4 Bf6 33. Rg4 Bg7 34.
Nc5 Ra8 35. Bd6 Rad8 36. Bc7 Bxd4 37. Nd3 Ra8 38. Bd6 Bg7 39. Rxb4 Qa5 40. Bc7
Qa6 41. Ra4 Qb5 42. Rxa8 Rxa8 43. Be5 c5 1-0

[Event "1FoglarVeterans_GM"]
[Site "?"]
[Date "2005.??.??"]
[Round "?"]
[White "Roos, Jacqueline (FRA)"]
[Black "Sykora, Josef (CZE)"]
[Result "1/2-1/2"]
[WhiteElo "2403"]
[BlackElo "2546"]
[PlyCount "158"]
[EventDate "2005.??.??"]
[EventType "corr"]
[SourceDate "2006.03.25"]

1. e4 c6 2. d4 d5 3. Nd2 dxe4 4. Nxe4 Nd7 5. Bc4 Ngf6 6. Ng5 e6 7. Qe2 Nb6 8.
Bd3 h6 9. N5f3 c5 10. dxc5 Bxc5 11. Ne5 Nbd7 12. Ngf3 Qc7 13. O-O O-O 14. Bf4
Bd6 15. Nxd7 Bxd7 16. Bxd6 Qxd6 17. Rad1 Qb6 18. c3 Rfd8 19. Ne5 Ba4 20. Rd2
Rd5 21. Kh1 Rad8 22. f4 a5 23. b3 Bc6 24. h3 Qc5 25. c4 Rd4 26. Nxc6 bxc6 27.
Rdd1 Nh5 28. Qe3 Rxc4 29. Bg6 Rd5 30. Rxd5 cxd5 31. Qe1 Rc1 32. Qxc1 Ng3+ 33.
Kh2 Nxf1+ 34. Qxf1 fxg6 35. Qe1 Kf7 36. Qe5 Qc2 37. Qd6 Qd2 38. Qd7+ Kf6 39.
Qd6 g5 40. fxg5+ Qxg5 41. Qd8+ Kg6 42. Qxa5 Qe5+ 43. Kg1 Qe2 44. Qc5 Qxa2 45.
Qe3 Qb1+ 46. Kh2 Qf5 47. b4 Kf6 48. Qb6 Qe5+ 49. Kg1 d4 50. Qd8+ Kg6 51. b5
Qxb5 52. Qxd4 Qe2 53. Kh2 e5 54. Qb6+ Kh7 55. Qe6 Qe4 56. g3 Qe2+ 57. Kg1 Qe3+
58. Kg2 Qg5 59. h4 Qf6 60. Qc4 h5 61. Qe4+ Kh6 62. Qd5 Qf5 63. Qc6+ Qg6 64. Qf3
Kh7 65. Qe3 Qc2+ 66. Kg1 Qf5 67. Qc5 Qb1+ 68. Kf2 Qe4 69. Qb5 Qd4+ 70. Kf1 Qe3
71. Kg2 Qd2+ 72. Kf3 Qd6 73. Qb1+ g6 74. Qb7+ Kg8 75. Ke2 Kf8 76. Qa7 Qd5 77.
Ke3 Qb3+ 78. Ke4 Qxg3 79. Qc5+ Kg8 1/2-1/2

[Event "1FoglarVeterans_GM"]
[Site "?"]
[Date "2005.??.??"]
[Round "?"]
[White "Kolarik, Jiri (CZE)"]
[Black "Nowak, Ireneusz (POL)"]
[Result "1/2-1/2"]
[WhiteElo "2373"]
[BlackElo "2398"]
[PlyCount "115"]
[EventDate "2005.??.??"]
[EventType "corr"]
[SourceDate "2006.03.25"]

1. Nf3 Nf6 2. d4 d5 3. Bg5 e6 4. e3 Be7 5. Nbd2 Nbd7 6. Bd3 O-O 7. O-O c5 8. c3
b6 9. Ne5 Nxe5 10. dxe5 Nd7 11. Bxe7 Qxe7 12. f4 Bb7 13. Qh5 f5 14. exf6 Nxf6
15. Qh4 Rae8 16. Nf3 c4 17. Bc2 b5 18. Ne5 a5 19. g4 g6 20. g5 Nd7 21. Ng4 Rb8
22. a3 Qg7 23. Qe1 a4 24. Qd2 Rbe8 25. Rad1 Re7 26. Qd4 Kh8 27. Qa7 Ba8 28. Qa6
Rb8 29. Rd2 Qg8 30. Qa7 Rb6 31. Qc7 Rc6 32. Qa5 Qb8 33. Ne5 Nxe5 34. fxe5 Rc8
35. Qb4 Rd7 36. Re2 Kg7 37. Rf4 Qxe5 38. h4 Bc6 39. Kf1 Rcd8 40. Bd1 Qd6 41.
Qxd6 Rxd6 42. Ref2 Be8 43. Rf6 e5 44. Rxd6 Rxd6 45. Rd2 Bf7 46. Bf3 Kf8 47. Rd1
Be6 48. Kf2 Ke7 49. Kg3 Rd7 50. Rd2 Kd6 51. Rd1 Kc5 52. Re1 Bf5 53. Kf2 d4 54.
exd4+ exd4 55. Re5+ Kb6 56. Rd5 d3 57. Rxd7 Bxd7 58. Ke3 1/2-1/2

[Event "1FoglarVeterans_GM"]
[Site "?"]
[Date "2005.??.??"]
[Round "?"]
[White "Kolarik, Jiri (CZE)"]
[Black "Svoboda, Frantisek (CZE)"]
[Result "1/2-1/2"]
[WhiteElo "2377"]
[BlackElo "2459"]
[PlyCount "117"]
[EventDate "2005.??.??"]
[EventType "corr"]
[SourceDate "2006.03.25"]

1. Nf3 d5 2. d4 Nf6 3. e3 e6 4. Bd3 c5 5. c3 Nc6 6. Nbd2 Bd6 7. O-O O-O 8. dxc5
Bxc5 9. e4 Qc7 10. Qe2 h6 11. e5 Ng4 12. Nb3 Bb6 13. Nbd4 f6 14. Nxc6 bxc6 15.
Bf4 g5 16. Bg3 f5 17. Nd4 c5 18. Nb5 Qg7 19. c4 Bd7 20. a4 a5 21. cxd5 exd5 22.
e6 Bxb5 23. Bxb5 Qe7 24. Bc6 Rad8 25. h3 Nf6 26. Qb5 Ba7 27. Be5 Qxe6 28. Rfe1
Ne4 29. Bc7 Rb8 30. Qa6 Rb4 31. Bxa5 Rb3 32. f3 Rf7 33. fxe4 fxe4 34. Rad1 Kg7
35. Bc3+ d4 36. Rxe4 Qf6 37. Rf1 Qxf1+ 38. Qxf1 Rxf1+ 39. Kxf1 dxc3 40. bxc3
Kf6 41. c4 Rb6 42. Bb5 Re6 43. Rxe6+ Kxe6 44. a5 Ke5 45. Kf2 Ke4 46. a6 h5 47.
g3 Kd3 48. Kf3 Bb8 49. h4 g4+ 50. Kf2 Kd4 51. Ke2 Ba7 52. Be8 Kxc4 53. Ke3 Kb4
54. Bxh5 c4+ 55. Kf4 Kb5 56. Bf7 c3 57. Bb3 Kxa6 58. Kxg4 Bf2 59. Kf3 1/2-1/2

[Event "1FoglarVeterans_GM"]
[Site "?"]
[Date "2005.??.??"]
[Round "?"]
[White "Vozda, Jindrich (CZE)"]
[Black "Lounek, Jan (CZE)"]
[Result "0-1"]
[WhiteElo "2428"]
[BlackElo "2502"]
[PlyCount "150"]
[EventDate "2005.??.??"]
[EventType "corr"]
[SourceDate "2006.03.25"]

1. e4 c5 2. Nf3 d6 3. d4 cxd4 4. Nxd4 Nf6 5. Nc3 a6 6. Bg5 e6 7. f4 Qb6 8. a3
Nbd7 9. f5 exf5 10. exf5 Be7 11. Bc4 d5 12. Bb3 O-O 13. O-O Bc5 14. Be3 Re8 15.
Bf2 Qd6 16. Kh1 Nb6 17. Qf3 Bd7 18. Bg3 Qe7 19. Rae1 Qf8 20. Rd1 Bc6 21. Bh4
Qd6 22. Ba2 Rad8 23. Qh3 Rc8 24. Nxc6 bxc6 25. b4 Be3 26. Rf3 Qe5 27. Bxf6 gxf6
28. Ne2 Bg5 29. Ng1 Qe4 30. Rc3 a5 31. bxa5 Na4 32. Rg3 Nc5 33. Qh5 Qe5 34. Rf3
Ne4 35. Bb3 Ra8 36. a4 Rxa5 37. Rff1 Be3 38. Qh4 Rc5 39. Qg4+ Kh8 40. Nf3 Qd6
41. Qh5 Re7 42. Qh3 Rc3 43. Qh4 Re8 44. a5 Qa3 45. Qh5 Rf8 46. Ne1 Nd2 47. Rxd2
Bxd2 48. Nf3 Be3 49. Qh4 Qd6 50. a6 Ra8 51. Ra1 Bc5 52. Qe1 Re3 53. Qf1 Qf4 54.
Nd2 Qe5 55. Nf3 Qxf5 56. Ba4 Qe6 57. Rd1 Ra3 58. Re1 Qd6 59. Bb3 Qf4 60. g3 Qf5
61. Nh4 Qxf1+ 62. Rxf1 Re8 63. Rxf6 Re2 64. Rf1 Rxa6 65. Nf5 h5 66. Nh4 Kg7 67.
Ng2 Kh6 68. Rd1 Bd6 69. Kg1 Ra8 70. Kf1 Rae8 71. Re1 R2e6 72. Rxe6+ fxe6 73.
Ba4 Rf8+ 74. Ke1 c5 75. Ke2 c4 0-1

[Event "1FoglarVeterans_GM"]
[Site "?"]
[Date "2005.??.??"]
[Round "?"]
[White "Roos, Jacqueline (FRA)"]
[Black "Nowak, Ireneusz (POL)"]
[Result "1-0"]
[WhiteElo "2403"]
[BlackElo "2398"]
[PlyCount "155"]
[EventDate "2005.??.??"]
[EventType "corr"]
[SourceDate "2006.03.25"]

1. e4 c5 2. Nf3 Nc6 3. d4 cxd4 4. Nxd4 Nf6 5. Nc3 e5 6. Ndb5 d6 7. Bg5 a6 8.
Na3 b5 9. Nd5 Be7 10. Bxf6 Bxf6 11. c3 O-O 12. Nc2 Bg5 13. a4 bxa4 14. Rxa4 a5
15. Bc4 Rb8 16. b3 Kh8 17. O-O f5 18. exf5 Bxf5 19. Nce3 Bg6 20. Be2 Bf7 21.
Nc4 e4 22. f4 exf3 23. Bxf3 Bg8 24. g3 Rb5 25. h4 Ne7 26. Nxe7 Bxe7 27. Qd3 d5
28. Nd2 Qd7 29. Raa1 Rc5 30. c4 Rc7 31. Bxd5 Rxf1+ 32. Rxf1 h6 33. Ne4 Rc8 34.
Kg2 Rd8 35. Nc3 Bb4 36. Qf3 Bh7 37. Ne2 Re8 38. Nf4 Bc5 39. Nd3 Bxd3 40. Qxd3
Qg4 41. Bf3 Qe6 42. h5 Qe5 43. Bg4 Qe4+ 44. Qxe4 Rxe4 45. Rf5 Bb4 46. Bf3 Re7
47. c5 g5 48. c6 Kg7 49. Kh3 Ra7 50. Kg4 Ba3 51. Re5 Kf6 52. Re8 Bd6 53. Bd5
Be7 54. Rh8 Kg7 55. Rg8+ Kf6 56. Bc4 Ke5 57. Bb5 Bf6 58. Rg6 Bg7 59. Bd3 a4 60.
bxa4 Rxa4+ 61. Kh3 Ra7 62. Ba6 Rc7 63. Be2 Bf6 64. Bf3 Rh7 65. Bg4 Bd8 66. Re6+
Kd5 67. Re8 Bc7 68. Bd7 g4+ 69. Kg2 Ba5 70. Rg8 Kd6 71. Rg6+ Kc7 72. Bxg4 Bd2
73. Bf3 Rf7 74. Bd5 Re7 75. Kf3 Kc8 76. Be4 Bg5 77. Rxg5 hxg5 78. Bg6 1-0